Kalra v SoS Environment and Waltham Forest LBC (Record no. 14071)

MARC details
000 -LEADER
fixed length control field 00851cab a2200241 4500
001 - CONTROL NUMBER
control field ABS56078
008 - FIXED-LENGTH DATA ELEMENTS--GENERAL INFORMATION
fixed length control field 090401t1996 xxu||||| |||| 00| 0 eng d
035 ## - SYSTEM CONTROL NUMBER
System control number (Sirsi) u20975
041 ## - LANGUAGE CODE
Language code of text/sound track or separate title eng
245 ## - TITLE STATEMENT
Title Kalra v SoS Environment and Waltham Forest LBC
260 ## - PUBLICATION, DISTRIBUTION, ETC.
Date of publication, distribution, etc. 1996
350 ## - PRICE (NR) (BK AM CF MU VM SE) [OBSOLETE]
Price 0
490 ## - SERIES STATEMENT
Series statement Property and Compensation Reports
Volume/sequential designation [1996] 72 P&CR 423-432(6)
520 ## - SUMMARY, ETC.
Summary, etc. CA 25 October 1995. Held, that a solicitors office could be qualified as class A2 or B1 under the Use Classes Order 1987.
650 ## - SUBJECT ADDED ENTRY--TOPICAL TERM
Topical term or geographic name entry element KALRA V SOS ENVIRONMENT AND WALTHAM FOREST LBC
650 ## - SUBJECT ADDED ENTRY--TOPICAL TERM
Topical term or geographic name entry element PEDESTRIAN FLOW TEST
650 ## - SUBJECT ADDED ENTRY--TOPICAL TERM
Topical term or geographic name entry element SOLICITORS OFFICES
650 ## - SUBJECT ADDED ENTRY--TOPICAL TERM
Topical term or geographic name entry element TOWN AND COUNTRY PLANNING ACT 1990 S288
650 ## - SUBJECT ADDED ENTRY--TOPICAL TERM
Topical term or geographic name entry element TOWN AND COUNTRY PLANNING (USE CLASSES) ORDER 1987
690 ## - LOCAL SUBJECT ADDED ENTRY--TOPICAL TERM (OCLC, RLIN)
Topical term or geographic name as entry element PLANNING LAW AND PRACTICE-CASE LAW
942 ## - ADDED ENTRY ELEMENTS (KOHA)
Suppress in OPAC 0
948 ## - LOCAL PROCESSING INFORMATION (OCLC); SERIES PART DESIGNATOR (RLIN)
c (OCLC) 04/03/1997
Holdings
Withdrawn status Lost status Source of classification or shelving scheme Damaged status Not for loan Home library Current library Shelving location Date acquired Total Checkouts Full call number Barcode Date last seen Copy number Price effective from Koha item type
    Dewey Decimal Classification     London London Journal article 14/09/1999   ABS56078 20975-1001 06/08/2019 1 06/08/2019 Law report